| 000 | 00460nam a2200157Ia 4500 | ||
|---|---|---|---|
| 008 | 240729s9999 xx 000 0 und d | ||
| 022 | _a2538-2136 | ||
| 245 | 0 | _aCommunications in Combinatorics and Optimization | |
| 260 | _aIran, Islamic Republic of | ||
| 260 | _bAzarbaijan Shahide Madani University | ||
| 650 | _a Mathematics | ||
| 650 | _aScience | ||
| 856 | _uhttps://doaj.org/toc/1a24465b899544fdb6fc37752e5c9749 | ||
| 942 | _2ddc | ||
| 942 | _cDOAJEJ | ||
| 999 |
_c66390 _d66390 |
||
| 945 |
_a1 _bMadushi Gamage _c1 _dMadushi Gamage |
||